00507nam a2200157Ia 450000500170000000800410001708200190005810000170007724500320009426000400012630000110016650000560017794200060023395200950023999900150033420250224055258.0240331s9999 xx 000 0 und d bRAJ26120a920 aRajani, P, R 0aJeeva:bVelichathin Vilasam aChennaibKizhakku Pathippagamc2004 a88 p., aThe biography of Jeeva, who was a Communist leader. cL 001040708LaWERCLbWERCLcSSCd2024-03-31l0o 920 RAJp6120r2024-03-31w2024-03-31yL c4645d4645